000 00622nam a2200217Ia 4500
003 OSt
005 20230506163157.0
008 210423s1993 xx 000 0 und d
040 _cAL
041 _aeng
082 _a307.72
_223
_bMUKP
100 _aMUKHARJE (Neela)
_999460
245 _aParticipatory rural appraisal: methdology and application
250 _a1
260 _aNew Delhi
_bSahitya Bhawan Publications
_c1993
365 _b200
_cINR
650 _aRural Communities
_999461
650 _aSociology
_999462
906 _aapplication ; appraisal: ; methdology ; Participatory ; rural
942 _2ddc
_cBK
999 _c171321
_d171321